[Event "RLP-ch MTB 26th"]
[Site "Ludwigshafen"]
[Date "2007.07.20"]
[Round "6"]
[White "Roelle, Philipp"]
[Black "Larsch, Alexander"]
[Result "0-1"]
[WhiteElo "1157"]
[BlackElo "1367"]
[PlyCount "120"]
[EventDate "2007.07.13"]
[EventType "swiss"]
[EventRounds "7"]
[EventCountry "GER"]
[SourceTitle "EXT 2009"]
[Source "ChessBase"]
[SourceDate "2008.11.26"]
[SourceVersion "1"]
[SourceVersionDate "2008.11.26"]
[SourceQuality "1"]

1. e4 e5 2. Nf3 Nc6 3. Bb5 d6 4. d3 Be7 5. 0-0 Nf6 6. Nc3 Bd7 7. a3 0-0 8. Bg5 Nb8 9. Bc4 Bg4 10. h3 Bh5 11. Qe2 Nbd7 12. Qe3 Nb6 13. Bb3 Nfd7 14. Bxe7 Qxe7 15. Nd5 Nxd5 16. Bxd5 c6 17. Bb3 Kh8 18. Qg5 Qxg5 19. Nxg5 h6 20. Nf3 f6 21. g4 Bf7 22. Bxf7 Rxf7 23. Nh4 Nf8 24. Nf5 Rd7 25. Nh4 Kh7 26. Kg2 d5 27. exd5 Rxd5 28. f4 Ng6 29. Nxg6 Kxg6 30. fxe5 Rxe5 31. Rae1 Rae8 32. Kf2 Rxe1 33. Rxe1 Rxe1 34. Kxe1 Kg5 35. Kf2 Kf4 36. c4 f5 37. gxf5 Kxf5 38. Kf3 g5 39. Ke3 h5 40. d4 g4 41. h4 a6 42. c5 Ke6 43. b3 Kd7 44. a4 a5 45. Ke4 Kc7 46. Kf4 b6 47. Ke4 bxc5 48. dxc5 Kd7 49. Ke3 Ke7 50. Ke4 Ke6 51. Kd4 g3 52. Ke3 Kd5 53. Kf3 Kxc5 54. Kxg3 Kb4 55. Kf4 Kxb3 56. Kg5 c5 57. Kxh5 c4 58. Kg6 c3 59. h5 c2 60. h6 c1Q 0-1